Simulation of the thermo-elastic films in DSC calorimetry.

Guardado en:
Detalles Bibliográficos
Autor principal: Repka, Miroslav, 1985- (Autor)
Otros Autores: Šolek, Peter, 1950- (Orientador)
Formato: Manuscrito Libro
Lenguaje:inglés
Publicado: Bratislava : STU v Bratislave SjF, 2013
Materias:
Acceso en línea:VAIS
Etiquetas: Agregar Etiqueta
Sin Etiquetas, Sea el primero en etiquetar este registro!

MARC

LEADER 00000ntm a22000003a 4500
001 stu286904
005 20150617230256.9
008 140321s2013----xo------------------eng-d
040 |a STU  |b slo 
041 0 |a eng 
044 |a xo 
100 1 |a Repka, Miroslav,  |d 1985-  |4 aut  |u J0010  |U SjF Strojnícka fakulta  |T SjF Ústav aplikovanej mechaniky a mechatroniky  |X 40828  |U J0010  |Y 801  |7 A000040828 
242 0 0 |a Simulácia tenkých vrstiev v DSC calorimetrii  |y slo 
245 1 |a Simulation of the thermo-elastic films in DSC calorimetry. 
260 |a Bratislava :  |b STU v Bratislave SjF,  |c 2013 
650 7 |a aplikovaná mechanika  |2 stusub 
650 7 |a Applied Mechanics  |2 estusub 
650 7 |a finite element  |2 estusub 
650 7 |a metóda konečných prvkov  |2 stusub 
700 1 |a Šolek, Peter,  |d 1950-  |4 ths  |u J0010  |U SjF Strojnícka fakulta  |T SjF Ústav aplikovanej mechaniky a mechatroniky  |X 2467  |U J0010  |Y 801  |7 A000002467 
856 4 |a info a plný text  |u http://is.stuba.sk/zp/portal_zp.pl?podrobnosti=113427  |3 VAIS